INDIAN CYBER LAW WITH INFORMATION TECHNO (Record no. 11820)

MARC details
000 -LEADER
fixed length control field 00357nam a2200133Ia 4500
008 - FIXED-LENGTH DATA ELEMENTS--GENERAL INFORMATION
fixed length control field 240624s9999 xx 000 0 und d
041 ## - LANGUAGE CODE
Language code of text/sound track or separate title eng
082 ## - DEWEY DECIMAL CLASSIFICATION NUMBER
Classification number 343.0999 VIS
100 ## - MAIN ENTRY--PERSONAL NAME
Personal name VISHWANATHAN SURESH T
245 ## - TITLE STATEMENT
Title INDIAN CYBER LAW WITH INFORMATION TECHNO
260 ## - PUBLICATION, DISTRIBUTION, ETC.
Date of publication, distribution, etc. 2001
Place of publication, distribution, etc. Delhi
Name of publisher, distributor, etc. Bharat Law House
300 ## - PHYSICAL DESCRIPTION
Extent 424 , p. , 23 , cm.
365 ## - TRADE PRICE
Currency code RS
Price amount 20
Holdings
Withdrawn status Lost status Damaged status Not for loan Home library Current library Shelving location Date acquired Source of acquisition Cost, normal purchase price Total Holds Full call number Barcode Date last seen Copy number Price effective from Koha item type
Store Books       IMTN IMTN Rack 14-B 12/01/2008 UBS 350.00 32767 343.0999 VIS 11820 06/24/2024 1 06/24/2024 Books
Designed & Maintained by: LRC IMT Nagpur Contact: lrc@imtnag.ac.in© 2024. All Rights Reserved.